000 00643nam a2200241Ia 4500
003 OSt
005 20221005092825.0
006 a|||||r|||| 00| 0
007 ta
008 221004b |||||||| |||| 00| 0 eng d
024 _a71681
037 _cTextual
040 _aCRL
_cCRL
_beng
041 _2eng
_aeng
082 _aY15.1,d, N4
100 _aStienstra Deborah
_9617809
245 0 _aWomen's movements and international organizations.
260 _aNew York
_bSt Martin's
_c1994
300 _a201p
_ccm.
650 _aSOCIOLOGY
942 _hY15.1,d, N4
_cTEXL
_2cc
999 _c999413
_d999413